00876nam a2200241Ia 4500003000400000005001700004008004100021020002200062040000700084041001200091082001800103100002600121245008500147260004200232300001500274365001400289650004700303700003300350906009300383942001200476999001900488952012700507OSt20251103175551.0210423s2012 xx 000 0 und d a978-81-89233-75-4 cAL aEnglish a362.38 bSHAE aSheela Sharma9112238 aEmpowering women through better healthcare and nutrition in developing countries aNew DelhibRegency Publicationsc2012 axv,325bPB b1600cINR aSocial Welfare Problems & Services9112239 aAtero, Anglla Atwaru9243637 abetter ; countries. ; developing ; Empowering ; healthcare ; nutrition ; through ; women 2ddccBK c165410d165410 001040708ECOaSACPGbSACPGd2014-01-29eJupiterg1600.00l0o362.38 SHAEpPG011908r2022-08-24 00:00:00w2021-04-26yBK